| 000 | 00674nam a2200217 i 4500 | ||
|---|---|---|---|
| 001 | 142959 | ||
| 003 | ES-MaACL | ||
| 005 | 20230906200655.0 | ||
| 007 | t| | ||
| 008 | 071011s1982 sp ||||1| gao d | ||
| 080 | _a821.134.4-84"19" | ||
| 100 | 1 |
_aVidales Tomé, Ignacio. _9114532 |
|
| 245 | 1 | 0 |
_aEscolma / _cIgnacio Vidales Tomé ; edición Clodio González Pérez. |
| 260 |
_a[Sada (A Coruña) : _bEdic. do Castro, _c1982] |
||
| 300 |
_a126 p. ; _c18 cm. |
||
| 490 | 1 |
_aOs nosos humoristas ; _v2 |
|
| 700 | 1 |
_aGonzález Pérez, Clodio. _958869 |
|
| 830 | 0 |
_aOs nosos humoristas ; _v2 _9187263 |
|
| 852 |
_aES-MaACL _jL-2999 _bR.103556 |
||
| 999 |
_c142959 _d142959 |
||